SOLAS : (Record no. 1533)

000 -LEADER
fixed length control field 00746nam a2200253 a 4500
007 - PHYSICAL DESCRIPTION FIXED FIELD--GENERAL INFORMATION
fixed length control field ta
008 - FIXED-LENGTH DATA ELEMENTS--GENERAL INFORMATION
fixed length control field 950922s2003 ii g b i000 0 eng d
020 ## - INTERNATIONAL STANDARD BOOK NUMBER
Terms of availability Rs. 75.00
040 ## - CATALOGING SOURCE
Original cataloging agency IMU Kochi Library
Language of cataloging eng
041 0# - LANGUAGE CODE
Language code of text/sound track or separate title eng
044 ## - COUNTRY OF PUBLISHING/PRODUCING ENTITY CODE
MARC country code United Kingdom
082 00 - DEWEY DECIMAL CLASSIFICATION NUMBER
Edition number 23
Classification number 343.0962
Item number In821
111 2# - MAIN ENTRY--MEETING NAME
Meeting name or jurisdiction name as entry element International Convention for the Safety of Life at Sea
Date of meeting (1974 :
Location of meeting London, England)
245 10 - TITLE STATEMENT
Title SOLAS :
Sub Title amendments 2001 and 2002
260 ## - PUBLICATION, DISTRIBUTION, ETC. (IMPRINT)
Place of publication, distribution, etc Mumbai :
Name of publisher, distributor, etc Bhandarkar Publications,
Date of publication, distribution, etc 2003
300 ## - PHYSICAL DESCRIPTION
Extent v, 50 p. ;
Dimensions 24 cm.
650 #0 - SUBJECT ADDED ENTRY--TOPICAL TERM
Topical term or geographic name as entry element Ships
General subdivision Safety regulations.
650 #0 - SUBJECT ADDED ENTRY--TOPICAL TERM
Topical term or geographic name as entry element Ships
General subdivision Fires and fire prevention
-- Law and legislation.
710 2# - ADDED ENTRY--CORPORATE NAME
Corporate name or jurisdiction name as entry element International Maritime Organization.
852 ## - LOCATION/CALL NUMBER
Location IMU Kochi Library
904 ## - LOCAL DATA ELEMENT D, LDD (RLIN)
CATALOGER Rudra Ranjan
905 ## - LOCAL DATA ELEMENT E, LDE (RLIN)
VERIFIER Rudra Ranjan
942 ## - ADDED ENTRY ELEMENTS (KOHA)
Item type Books
Holdings
Withdrawn status Lost status Source of classification or shelving scheme Damaged status Not for loan Collection code Permanent location Current location Shelving location Date acquired Source of acquisition Cost, normal purchase price Full call number Barcode Date last seen Koha item type Public note
          IMO Collection IMU Kochi Library IMU Kochi Library Reference 2014-04-01 Bought Earlier (Received From Chennai Campus) 75.00 343.0962 In821 BK001091 2020-01-07 Books Shelf-3, Row-1


Copyright © All Rights Reserved by Indian Maritime University, Kochi Campus.
For any Suggestions/Query Contact to library or Email: library.kochi@imu.ac.in Ph:(0484)-2989402
(Web OPAC Designed by Rudra Ranjan. Maintained by IMU Kochi Library)

Powered by Koha